[Event "XX чемпионат ПФО по шах"]
[Site "Набережные Челн�"]
[Date "2022.03.20"]
[Round "1.1"]
[White "Гольцева, Екатерина."]
[Black "Иванова, Арина."]
[Result "1-0"]
[WhiteElo "2304"]
[BlackElo "1574"]
[PlyCount "54"]
[EventDate "2022.03.20"]

1. Nf3 d5 2. d4 c6 3. c4 e6 4. g3 dxc4 5. Bg2 b5 6. O-O Bb7 7. a4 Nd7 8. Nc3 a6
9. Ne5 Qc8 10. Ne4 Ngf6 11. Nxf7 Kxf7 12. Ng5+ Kg8 13. Bh3 Be7 14. Bxe6+ Kf8
15. e4 c5 16. d5 Qb8 17. Nf7 Rg8 18. Bf4 Qa7 19. axb5 a5 20. e5 Bxd5 21. Bxd5
Nxd5 22. Qxd5 Nb6 23. Qe6 g5 24. Nxg5 Bxg5 25. Bxg5 Rg6 26. Bh6+ Rxh6 27. Qxh6+
Kg8 1-0

[Event "XX чемпионат ПФО по шах"]
[Site "Набережные Челн�"]
[Date "2022.03.20"]
[Round "1.2"]
[White "Фефелова, Екатерина."]
[Black "Носачева, Мария."]
[Result "0-1"]
[WhiteElo "1267"]
[BlackElo "2244"]
[PlyCount "84"]
[EventDate "2022.03.20"]

1. e4 c5 2. Nf3 d6 3. Bb5+ Nd7 4. a4 Ngf6 5. Nc3 g6 6. O-O Bg7 7. Re1 O-O 8. d3
a6 9. Bc4 Nb8 10. h3 Nc6 11. Be3 Bd7 12. Qd2 Rb8 13. Nh2 Nd4 14. a5 Nh5 15.
Reb1 Kh8 16. Nd5 e6 17. Nf4 Nxf4 18. Bxf4 e5 19. Be3 f5 20. f3 Nc6 21. Rf1 f4
22. Bf2 h5 23. Ra3 Kh7 24. b3 Bf6 25. Re1 Bh4 26. Bxh4 Qxh4 27. Qf2 Qd8 28.
Rea1 g5 29. c3 Rf6 30. Kf1 Rg6 31. Qe2 Kg7 32. R3a2 g4 33. fxg4 hxg4 34. Nxg4
Bxg4 35. hxg4 Qh4 36. Qf3 Rh8 37. Re1 Rxg4 38. Ke2 Rg3 39. Qf1 Qg4+ 40. Kf2 Rh2
41. Ree2 Rhxg2+ 42. Ke1 Rg1 0-1

[Event "XX чемпионат ПФО по шах"]
[Site "Набережные Челн�"]
[Date "2022.03.20"]
[Round "1.3"]
[White "Шафигуллина, Зарина."]
[Black "Каюмова, Карина."]
[Result "1-0"]
[WhiteElo "2204"]
[BlackElo "1181"]
[PlyCount "66"]
[EventDate "2022.03.20"]

1. d4 Nf6 2. Nf3 e6 3. g3 d5 4. Bg2 Bd6 5. O-O O-O 6. c4 c6 7. Qc2 Nbd7 8. Nbd2
e5 9. cxd5 cxd5 10. dxe5 Nxe5 11. Nxe5 Bxe5 12. Nf3 Bd6 13. Rd1 Bd7 14. Bg5 Rc8
15. Qd3 Bc6 16. Qd4 Re8 17. Bxf6 Qxf6 18. Qxf6 gxf6 19. Nd4 Be5 20. e3 Red8 21.
Rac1 a6 22. b3 Rc7 23. Nf5 Rcd7 24. Bh3 Kf8 25. Rc2 Rc7 26. f4 Bd6 27. e4 Bd7
28. Rxc7 Bxc7 29. Rxd5 Bxf5 30. Rxd8+ Bxd8 31. Bxf5 h6 32. Bc8 b5 33. Bxa6 b4
1-0

[Event "XX чемпионат ПФО по шах"]
[Site "Набережные Челн�"]
[Date "2022.03.20"]
[Round "1.4"]
[White "Чекина, Анастасия."]
[Black "Высотская, Анастасия."]
[Result "0-1"]
[WhiteElo "1558"]
[BlackElo "2257"]
[PlyCount "64"]
[EventDate "2022.03.20"]

1. d4 Nf6 2. f4 g6 3. Nf3 Bg7 4. e3 O-O 5. Bd3 c5 6. c3 d6 7. O-O Nc6 8. Bc2
cxd4 9. exd4 e5 10. fxe5 dxe5 11. Nxe5 Nxe5 12. dxe5 Nd7 13. Be3 Nxe5 14. Qxd8
Rxd8 15. Bb3 Bf5 16. Bd4 Nd3 17. Bxg7 Kxg7 18. g4 Be6 19. Bxe6 fxe6 20. b3 Ne5
21. h3 Rd3 22. Kg2 g5 23. Na3 Ng6 24. Nc4 Nf4+ 25. Kg1 Nxh3+ 26. Kh2 Nf4 27.
Rfe1 Rad8 28. Re5 Kf6 29. Rae1 Rxc3 30. Kg1 Rg3+ 31. Kf2 Rxg4 32. Kf3 Rh4 0-1

[Event "XX чемпионат ПФО по шах"]
[Site "Набережные Челн�"]
[Date "2022.03.20"]
[Round "1.5"]
[White "Якимова, Мария."]
[Black "Тазетдинова, Аделя."]
[Result "1-0"]
[WhiteElo "2219"]
[BlackElo "1415"]
[PlyCount "97"]
[EventDate "2022.03.20"]

1. d4 f5 2. c4 Nf6 3. Nf3 g6 4. g3 Bg7 5. Bg2 O-O 6. O-O d6 7. Nc3 Qe8 8. Re1
Qf7 9. b3 Ne4 10. Bb2 Nd7 11. Qc2 Ndf6 12. Nd2 Nxf2 13. h3 N2e4 14. Ncxe4 Nxe4
15. Nxe4 fxe4 16. Rf1 Bf6 17. Qxe4 Qg7 18. Qd3 c5 19. Rad1 Bxd4+ 20. Bxd4 Rxf1+
21. Kxf1 Qxd4 22. Qxd4 cxd4 23. Rxd4 Be6 24. Bxb7 Bxh3+ 25. Kg1 Rf8 26. g4 h5
27. gxh5 gxh5 28. Bf3 Rf5 29. b4 Rg5+ 30. Kf2 Kf8 31. a4 Ke8 32. Rh4 Be6 33.
Bxh5+ Kd7 34. Bf3 Bf5 35. a5 Kc7 36. Ke3 Rg1 37. Rh8 Rb1 38. b5 Rb3+ 39. Kf4
Bc8 40. Re8 e5+ 41. Kg5 Rb4 42. Bd5 Rb2 43. e4 Rg2+ 44. Kf6 Ra2 45. b6+ axb6
46. axb6+ Kd7 47. Re7+ Kd8 48. b7 Rf2+ 49. Kg7 1-0

[Event "XX чемпионат ПФО по шах"]
[Site "Набережные Челн�"]
[Date "2022.03.20"]
[Round "1.6"]
[White "Тестова, Ника."]
[Black "Нур-Мухаметова, Алиса."]
[Result "0-1"]
[WhiteElo "1674"]
[BlackElo "2225"]
[PlyCount "30"]
[EventDate "2022.03.20"]

1. e4 c5 2. Nf3 Nc6 3. d4 cxd4 4. Nxd4 Nf6 5. Nc3 d6 6. Bg5 e6 7. f4 Qb6 8.
Ndb5 a6 9. Nxd6+ Bxd6 10. Qxd6 Qxb2 11. Rd1 Qxc3+ 12. Ke2 Qxc2+ 13. Kf3 Qxe4+
14. Kf2 Nd5 15. Re1 Qb4 0-1

[Event "XX чемпионат ПФО по шах"]
[Site "Набережные Челн�"]
[Date "2022.03.20"]
[Round "1.7"]
[White "Насырова, Екатерина."]
[Black "Нигматуллина, Дина."]
[Result "1-0"]
[WhiteElo "2091"]
[BlackElo "1395"]
[PlyCount "53"]
[EventDate "2022.03.20"]

1. d4 Nf6 2. c4 g6 3. g3 Bg7 4. Bg2 d6 5. Nf3 O-O 6. Nc3 Nc6 7. O-O a6 8. Bf4
Rb8 9. Rc1 Bd7 10. b3 e6 11. e4 b5 12. e5 Nh5 13. Bg5 f6 14. exf6 Bxf6 15. Be3
bxc4 16. bxc4 Na5 17. Ne4 Bg7 18. Bg5 Qe8 19. Re1 Qf7 20. d5 Rb2 21. Bd2 Rxa2
22. dxe6 Qxe6 23. Nc3 Rxd2 24. Nxd2 Qf5 25. Nde4 Nxc4 26. Nd5 Qf7 27. Rxc4 1-0

[Event "XX чемпионат ПФО по шах"]
[Site "Набережные Челн�"]
[Date "2022.03.20"]
[Round "1.8"]
[White "Пузырева, Вероника."]
[Black "Матвеева, Ольга."]
[Result "0-1"]
[WhiteElo "1497"]
[BlackElo "2171"]
[PlyCount "38"]
[EventDate "2022.03.20"]

1. e4 d5 2. exd5 Qxd5 3. Nf3 Nf6 4. Be2 Bg4 5. h3 Bxf3 6. Bxf3 Qe5+ 7. Qe2
Qxe2+ 8. Bxe2 e6 9. O-O Nbd7 10. d4 c5 11. dxc5 Bxc5 12. Nc3 O-O 13. Bf3 Rab8
14. Bf4 e5 15. Bg3 Rfe8 16. Rad1 h6 17. Rfe1 Re7 18. Nd5 Nxd5 19. Rxd5 Rbe8 0-1

[Event "XX чемпионат ПФО по шах"]
[Site "Набережные Челн�"]
[Date "2022.03.20"]
[Round "1.9"]
[White "Шухман, Анна."]
[Black "Сироткина, Елизавета."]
[Result "1-0"]
[WhiteElo "2014"]
[BlackElo "1323"]
[PlyCount "51"]
[EventDate "2022.03.20"]

1. e4 c6 2. d4 d5 3. e5 Bf5 4. g4 Bd7 5. c4 e6 6. Nc3 Ne7 7. Nf3 dxc4 8. Bxc4
Nd5 9. Ne4 Qc7 10. Qe2 Bc8 11. Bd2 b5 12. Bxd5 cxd5 13. Rc1 Qb6 14. Rxc8+ Kd7
15. Rxf8 Rxf8 16. Nc5+ Kc7 17. O-O Nc6 18. Rc1 Rac8 19. Qe1 Kd8 20. Ng5 Ke8 21.
Qe3 h6 22. Nf3 Na5 23. b3 Qc7 24. Kg2 b4 25. Bxb4 Qd8 26. Na4 1-0

[Event "XX чемпионат ПФО по шах"]
[Site "Набережные Челн�"]
[Date "2022.03.20"]
[Round "1.10"]
[White "Юсупова, Адель."]
[Black "Илюшина, Ольга."]
[Result "0-1"]
[WhiteElo "1356"]
[BlackElo "2054"]
[PlyCount "55"]
[EventDate "2022.03.20"]

1. d4 d5 2. c4 e6 3. g3 dxc4 4. Bg2 a6 5. Nf3 Nf6 6. O-O b5 7. Ne5 Nd5 8. a4
Bb7 9. axb5 axb5 10. Rxa8 Bxa8 11. e4 Nf6 12. Nc3 c6 13. d5 Bd6 14. Nxc6 Nxc6
15. dxc6 Bxc6 16. Re1 Be5 17. Qxd8+ Kxd8 18. f4 Bd4+ 19. Kf1 Ke7 20. Ne2 Bb6
21. e5 Bxg2+ 22. Kxg2 Nd5 23. Kf3 Ra8 24. Ke4 Nb4 25. Rd1 Nd3 26. Rxd3 cxd3 27.
Kxd3 Rd8+ 28. Kc2 0-1

[Event "XX чемпионат ПФО по шах"]
[Site "Набережные Челн�"]
[Date "2022.03.20"]
[Round "1.11"]
[White "Мифтахова, Азалия."]
[Black "Муллина, Альмира."]
[Result "0-1"]
[WhiteElo "1530"]
[BlackElo "1310"]
[PlyCount "70"]
[EventDate "2022.03.20"]

1. e4 c5 2. Nf3 e6 3. d4 cxd4 4. Nxd4 a6 5. Nc3 Qc7 6. Bd3 Nf6 7. Qe2 b5 8. O-O
d6 9. a4 b4 10. Na2 Bb7 11. c3 bxc3 12. Nxc3 Nbd7 13. Bd2 d5 14. exd5 Nxd5 15.
Nxe6 fxe6 16. Qxe6+ Ne7 17. b4 Qe5 18. Qh3 g5 19. Rfe1 Qd4 20. Rad1 g4 21. Qh5+
Kd8 22. Be4 Bxe4 23. Rxe4 Qf6 24. Qa5+ Qb6 25. Qxb6+ Nxb6 26. Bg5+ Ke8 27. Rde1
Ra7 28. Re6 Rb7 29. a5 Nbc8 30. Nd5 Kf7 31. Nb6 Nxb6 32. axb6 Nd5 33. Rc6 Rxb6
34. Rxb6 Nxb6 35. Bd2 Bd6 0-1

[Event "XX чемпионат ПФО по шах"]
[Site "Набережные Челн�"]
[Date "2022.03.20"]
[Round "1.12"]
[White "Камалиева, Азалия."]
[Black "Кузнецова, Полина."]
[Result "0-1"]
[WhiteElo "1357"]
[BlackElo "1831"]
[PlyCount "70"]
[EventDate "2022.03.20"]

1. d4 d5 2. Bf4 Nf6 3. Nf3 c5 4. e3 Nc6 5. c3 Qb6 6. Qc2 g6 7. Nbd2 Bf5 8. Qb3
c4 9. Qxb6 axb6 10. Ne5 Bg7 11. Nxc6 bxc6 12. f3 b5 13. Kf2 O-O 14. Be2 Ra7 15.
g4 Bc8 16. h3 Nd7 17. a3 e5 18. Bg3 Re8 19. Rhd1 exd4 20. exd4 c5 21. Nf1 cxd4
22. cxd4 Nf8 23. Ne3 Rae7 24. Bf4 Bb7 25. Bf1 Ne6 26. Be5 Bxe5 27. dxe5 d4 28.
Nc2 d3 29. Nb4 Nf4 30. b3 Rxe5 31. bxc4 bxc4 32. Rac1 Re3 33. Rxc4 Rxf3+ 34.
Kg1 Ne2+ 35. Kh2 Rf2+ 0-1

[Event "XX чемпионат ПФО по шах"]
[Site "Набережные Челн�"]
[Date "2022.03.20"]
[Round "1.13"]
[White "Иванаева, Алина."]
[Black "Аминова, Зарина."]
[Result "1-0"]
[WhiteElo "1903"]
[BlackElo "1473"]
[Annotator "kniazóì,Igor"]
[PlyCount "71"]
[EventDate "2022.03.20"]

{[%evp 0,22,18,28,59,75,63,49,71,57,43,14,18,40,30,42,67,45,37,38,40,6,5,18,72]
} 1. e4 c6 2. d4 d5 3. exd5 cxd5 4. Bd3 Nc6 5. c3 Nf6 6. Bf4 g6 7. Nd2 Bf5 8.
Bxf5 gxf5 9. Ne2 Rg8 10. Ng3 e6 11. Qe2 Bd6 12. Bxd6 Qxd6 13. Nxf5 Qf4 14. Ng3
h5 15. Qf3 Qh6 16. h4 O-O-O 17. O-O-O Rg6 18. Kb1 Rdg8 19. Ne2 Ng4 20. g3 Rf6
21. Nf4 Ne7 22. Qe2 Qh7+ 23. Ka1 Qf5 24. Rhf1 Ng6 25. Nd3 Re8 26. f4 Nf8 27.
Ne5 Rh6 28. Nxg4 hxg4 29. Nb3 Nd7 30. Rfe1 Nb6 31. Qb5 Re7 32. Qc5+ Kd8 33.
Qd6+ Nd7 34. Nc5 b6 35. Nxd7 Ke8 36. Ne5 1-0

[Event "XX чемпионат ПФО по шах"]
[Site "Набережные Челн�"]
[Date "2022.03.20"]
[Round "1.14"]
[White "Мокеева, Злата."]
[Black "Кулькова, Дина."]
[Result "0-1"]
[WhiteElo "1290"]
[BlackElo "1547"]
[PlyCount "58"]
[EventDate "2022.03.20"]

1. e4 e5 2. Nf3 Nc6 3. Bc4 Nf6 4. d3 Bc5 5. c3 d6 6. Nbd2 O-O 7. O-O Be6 8. Bb5
h6 9. h3 Nh7 10. Re1 f5 11. exf5 Bxf5 12. Bxc6 bxc6 13. d4 exd4 14. cxd4 Bb6
15. Nc4 Qf6 16. Nxb6 axb6 17. Kh2 Be6 18. Re3 Bd5 19. Qd3 Rae8 20. Rxe8 Rxe8
21. Bd2 Rf8 22. Rg1 Qf5 23. Qc3 Nf6 24. Be3 Qh5 25. h4 Ng4+ 26. Kg3 Qg6 27. Kh3
Nxe3 28. Qxe3 Bxf3 29. gxf3 Qxg1 0-1

[Event "XX чемпионат ПФО по шах"]
[Site "Набережные Челн�"]
[Date "2022.03.20"]
[Round "1.15"]
[White "Саутина, Елизавета."]
[Black "><еповецкая, Софья."]
[Result "0-1"]
[WhiteElo "1537"]
[BlackElo "1437"]
[PlyCount "94"]
[EventDate "2022.03.20"]

1. d4 d5 2. c4 e5 3. dxe5 d4 4. Nf3 Nc6 5. e3 Bb4+ 6. Nbd2 dxe3 7. fxe3 a5 8.
Kf2 Qe7 9. a3 Bc5 10. Ne4 Nxe5 11. Nxe5 Qxe5 12. Nxc5 Qxc5 13. Qd4 Qf5+ 14. Qf4
Nf6 15. Qxf5 Bxf5 16. h3 O-O-O 17. g4 Be6 18. Bg2 Bxc4 19. b4 a4 20. Kg3 Rhe8
21. Re1 Bd5 22. Bxd5 Rxd5 23. Bb2 Ne4+ 24. Kf3 Rd2 25. Re2 Ng5+ 26. Kf2 Nxh3+
27. Kf1 Rxe2 28. Kxe2 f6 29. Rc1 Re4 30. Rh1 Ng5 31. Rg1 Rc4 32. Kd3 Rc6 33.
Rf1 Rd6+ 34. Kc2 Kd7 35. Bd4 Ne6 36. Bc3 Rd5 37. e4 Rg5 38. Rh1 Rxg4 39. Rxh7
Ke7 40. e5 Rg2+ 41. Kd3 Rg3+ 42. Kc2 fxe5 43. Bxe5 Rxa3 44. Bxg7 Nxg7 45. Rxg7+
Kd6 46. Rg6+ Kd7 47. Rg7+ Kc6 0-1

[Event "XX чемпионат ПФО по шах"]
[Site "Набережные Челн�"]
[Date "2022.03.20"]
[Round "1.16"]
[White "Кантер, Елизавета."]
[Black "Нагаева, Алия."]
[Result "0-1"]
[WhiteElo "1272"]
[BlackElo "1870"]
[PlyCount "82"]
[EventDate "2022.03.20"]

1. d4 Nf6 2. Nf3 e6 3. g3 Bb4+ 4. c3 Be7 5. Bg2 d5 6. O-O O-O 7. c4 dxc4 8. Qa4
Nc6 9. Qxc4 Qd5 10. Qd3 Qf5 11. Qxf5 exf5 12. Nc3 Nb4 13. Rd1 c6 14. Bd2 a6 15.
Rac1 Be6 16. a3 Nbd5 17. Ne5 Rfd8 18. e3 Nb6 19. b4 h6 20. Rb1 Nfd5 21. Be1
Nxc3 22. Bxc3 Ba2 23. Rbc1 Bb3 24. Rd2 f6 25. Ng6 Kf7 26. Nxe7 Kxe7 27. e4 fxe4
28. Bxe4 Kf7 29. Re2 Bc4 30. Re3 g6 31. Rce1 Rd7 32. Ba1 Bd5 33. Bd3 a5 34. b5
f5 35. bxc6 bxc6 36. Bc2 Nc4 37. Rc3 Nd2 38. Ree3 Rb8 39. h4 Rdb7 40. Kh2 Nf1+
41. Kg1 Nxe3 0-1

[Event "XX чемпионат ПФО по шах"]
[Site "Набережные Челн�"]
[Date "2022.03.20"]
[Round "1.17"]
[White "Мальцева, Елизавета."]
[Black "Галиева, Алина."]
[Result "0-1"]
[WhiteElo "1466"]
[BlackElo "1312"]
[PlyCount "86"]
[EventDate "2022.03.20"]

1. Nf3 Nf6 2. c4 c5 3. b3 Nc6 4. Nc3 e6 5. e3 d5 6. cxd5 exd5 7. Bb5 d4 8.
Bxc6+ bxc6 9. Na4 Ba6 10. Bb2 Bd6 11. Rc1 Qe7 12. Ba3 Ne4 13. Nb2 Bf4 14. Nc4
Rd8 15. Qe2 d3 16. Qd1 O-O 17. O-O Bc7 18. Ne1 Qh4 19. g3 Qh6 20. Nb2 Bd6 21.
Na4 Qg5 22. Nc3 f5 23. f4 Qf6 24. Nxe4 fxe4 25. Bxc5 g5 26. Ng2 Qg6 27. Bxa7
gxf4 28. Nxf4 Bxf4 29. Rxf4 Rxf4 30. exf4 Rf8 31. Be3 h5 32. Rc5 Rf5 33. Qc1
Bb7 34. Qc4+ Kh7 35. Qxe4 Rxc5 36. Qxg6+ Kxg6 37. Bxc5 Kf5 38. Kf2 Ke4 39. Bd6
Bc8 40. b4 Kd5 41. Be7 Ke4 42. a4 Ba6 43. Kg2 Bc4 0-1

[Event "XX чемпионат ПФО по шах"]
[Site "Набережные Челн�"]
[Date "2022.03.20"]
[Round "1.18"]
[White "Гусейнова, Вусала."]
[Black "Стакина, Мелисса."]
[Result "0-1"]
[WhiteElo "1154"]
[BlackElo "1581"]
[PlyCount "95"]
[EventDate "2022.03.20"]

1. d4 f5 2. c4 Nf6 3. Nc3 e6 4. g3 d5 5. cxd5 exd5 6. Bg2 c6 7. Bf4 Bd6 8. Nh3
O-O 9. O-O Bxf4 10. Nxf4 Qe7 11. f3 Qe3+ 12. Kh1 g5 13. Nd3 Qxd4 14. e4 dxe4
15. fxe4 fxe4 16. Qb3+ Kg7 17. Nf2 e3 18. Nfe4 Nbd7 19. Nxg5 Nc5 20. Qc2 Qd3
21. Rac1 Qxc2 22. Rxc2 Nd3 23. Nce4 Nxe4 24. Nxe4 Bf5 25. Kg1 Nf2 26. Rc4 e2
27. Re1 Nh3+ 28. Bxh3 Bxh3 29. Nf2 Bf1 30. Nd3 Rad8 31. Nf4 Rfe8 32. Rc2 Re7
33. Nxe2 Bh3 34. Kf2 Rde8 35. Rcc1 Bg4 36. Nf4 Rxe1 37. Rxe1 Rxe1 38. Kxe1 Kf6
39. h3 Bf5 40. Kd2 Ke5 41. Ke3 c5 42. g4 Be4 43. h4 Bb1 44. a3 b5 45. h5 h6 46.
Ne2 a5 47. Ng3 Bc2 48. Nf1 0-1

[Event "XX чемпионат ПФО по шах"]
[Site "Набережные Челн�"]
[Date "2022.03.20"]
[Round "1.19"]
[White "Соснина, Надежда."]
[Black "Юсупова, Жизель."]
[Result "1-0"]
[WhiteElo "1647"]
[BlackElo "1367"]
[Annotator "kniazóì,Igor"]
[PlyCount "66"]
[EventDate "2022.03.20"]

{[%evp 0,8,19,31,72,53,55,32,40,29,89]} 1. e4 c5 2. Nf3 Nc6 3. d4 cxd4 4. Nxd4
Nf6 5. Nc3 e5 6. Ndb5 d6 7. Nd5 Nxd5 8. exd5 Ne7 9. c3 Ng6 10. Qa4 Bd7 11. Qc4
Rc8 12. Qb4 Qf6 13. Nxa7 Rb8 14. Nc6 Bxc6 15. dxc6 Qd8 16. Qb5 bxc6 17. Qxc6+
Qd7 18. Qxd7+ Kxd7 19. Bc4 f6 20. Ke2 Be7 21. Rd1 Rhc8 22. b3 f5 23. a4 e4 24.
f4 exf3+ 25. gxf3 Bf6 26. Ba3 Be5 27. Kf1 Rd8 28. Ra2 Kc7 29. Bb4 Ra8 30. Rd5
Kc6 31. Ra5 Rxa5 32. Bxa5 Ra8 33. Bb4 Nf4 1-0

[Event "XX чемпионат ПФО по шах"]
[Site "Набережные Челн�"]
[Date "2022.03.20"]
[Round "1.21"]
[White "Калашникова, Елена."]
[Black "Коротаева, Полина."]
[Result "1-0"]
[WhiteElo "1659"]
[BlackElo "1196"]
[PlyCount "59"]
[EventDate "2022.03.20"]

1. d4 Nf6 2. c4 e6 3. g3 Bb4+ 4. Nd2 O-O 5. Bg2 d5 6. Ngf3 dxc4 7. a3 c3 8.
axb4 cxd2+ 9. Bxd2 c6 10. O-O Nbd7 11. Qc2 Nb6 12. e4 Re8 13. Ra5 Nbd7 14. Rfa1
a6 15. Bf1 Nf8 16. Bg5 h6 17. Bd2 Ng6 18. Bd3 Ne7 19. Qc1 h5 20. Bg5 Nh7 21.
Bxe7 Qxe7 22. Rxh5 Qxb4 23. e5 Nf8 24. Qf4 Qe7 25. Ng5 f6 26. Qh4 fxg5 27. Rh8+
Kf7 28. Qh5+ g6 29. Bxg6+ Nxg6 30. Qh7# 1-0

[Event "XX чемпионат ПФО по шах"]
[Site "Набережные Челн�"]
[Date "2022.03.21"]
[Round "2.1"]
[White "Кулькова, Дина."]
[Black "Гольцева, Екатерина."]
[Result "1-0"]
[WhiteElo "1547"]
[BlackElo "2304"]
[PlyCount "58"]
[EventDate "2022.03.20"]

1. c4 Nf6 2. g3 e6 3. Bg2 d5 4. Nf3 d4 5. O-O c5 6. d3 Nc6 7. Bf4 Nd7 8. Na3
Be7 9. Nc2 O-O 10. a3 e5 11. Bd2 f5 12. b4 Bf6 13. Rb1 Re8 14. e4 fxe4 15. dxe4
Nb6 16. b5 Ne7 17. Ba5 Be6 18. Bxb6 axb6 19. Qd3 Nc8 20. Nd2 Nd6 21. Qb3 Qd7
22. a4 Ra5 23. f4 Rf8 24. Ra1 exf4 25. gxf4 d3 26. e5 dxc2 27. Qxc2 Nf5 28.
exf6 Qd4+ 29. Kh1 Ne3 1-0

[Event "XX чемпионат ПФО по шах"]
[Site "Набережные Челн�"]
[Date "2022.03.21"]
[Round "2.2"]
[White "Носачева, Мария."]
[Black "Иванаева, Алина."]
[Result "1-0"]
[WhiteElo "2244"]
[BlackElo "1903"]
[PlyCount "87"]
[EventDate "2022.03.20"]

1. e4 e5 2. Nf3 Nc6 3. Bb5 a6 4. Ba4 Nf6 5. O-O Be7 6. Re1 b5 7. Bb3 O-O 8. c3
d5 9. exd5 Nxd5 10. Nxe5 Nxe5 11. Rxe5 c6 12. d3 Bd6 13. Re1 Qh4 14. g3 Qh3 15.
Re4 Nf6 16. Rh4 Qf5 17. Nd2 g5 18. Rh6 Ng4 19. Ne4 Nxh6 20. Nxd6 Qg6 21. Nxc8
Raxc8 22. Qd2 Rfe8 23. Kg2 Ng4 24. h3 Nf6 25. Qxg5 Re1 26. Qd2 Rce8 27. Bd1 Nd5
28. Bf3 f5 29. c4 Nf6 30. b3 R1e6 31. Bb2 Nh5 32. Qc3 Nf4+ 33. Kh2 Ne2 34. Qd2
h6 35. a4 bxc4 36. bxc4 Qf7 37. Re1 Nd4 38. Bxd4 Rxe1 39. Qxh6 Qh7 40. Qg5+ Kf8
41. Bxc6 R8e7 42. Qf6+ Rf7 43. Qd8+ Re8 44. Qxe8# 1-0

[Event "XX чемпионат ПФО по шах"]
[Site "Набережные Челн�"]
[Date "2022.03.21"]
[Round "2.3"]
[White "Нагаева, Алия."]
[Black "Шафигуллина, Зарина."]
[Result "1/2-1/2"]
[WhiteElo "1870"]
[BlackElo "2204"]
[PlyCount "104"]
[EventDate "2022.03.20"]

1. e4 c5 2. Nf3 d6 3. d4 cxd4 4. Nxd4 Nf6 5. Nc3 a6 6. f3 e5 7. Nb3 Be6 8. Be3
Be7 9. Qd2 Nbd7 10. g4 b5 11. g5 Nh5 12. O-O-O O-O 13. Rg1 b4 14. Nd5 Bxd5 15.
exd5 a5 16. Kb1 Rb8 17. h4 f5 18. gxf6 Bxf6 19. Bh3 a4 20. Na5 Qxa5 21. Bxd7 a3
22. b3 Qc7 23. Be6+ Kh8 24. Bg5 Nf4 25. Bxf4 exf4 26. Rg4 Be5 27. Qd3 Qc5 28.
Rg2 Rb7 29. h5 Re7 30. Re2 Qc3 31. Qxc3 Bxc3 32. Re4 g5 33. Rg1 h6 34. Kc1 Kg7
35. Rg2 Kf6 36. Kd1 Rb8 37. Rge2 Be5 38. Bg4 Rb5 39. Rd2 Rc7 40. Rd3 Rbc5 41.
c4 bxc3 42. Kc2 Ra5 43. Rb4 Ra8 44. Rd1 Kg7 45. Re4 Kf6 46. Rb4 Ke7 47. Re4 Kf8
48. Rb4 Re8 49. Re4 Ra8 50. Rb4 Kg7 51. Re4 Kf6 52. Rb4 Kg7 1/2-1/2

[Event "XX чемпионат ПФО по шах"]
[Site "Набережные Челн�"]
[Date "2022.03.21"]
[Round "2.4"]
[White "Высотская, Анастасия."]
[Black "Мальцева, Елизавета."]
[Result "1-0"]
[WhiteElo "2257"]
[BlackElo "1466"]
[PlyCount "47"]
[EventDate "2022.03.20"]

1. d4 Nf6 2. c4 e6 3. Nc3 Bb4 4. f3 O-O 5. a3 Bxc3+ 6. bxc3 d5 7. cxd5 exd5 8.
e3 Ne8 9. Ne2 Nd6 10. Ng3 f5 11. Bd3 b6 12. O-O Bb7 13. Qc2 Qd7 14. a4 Qe6 15.
Qf2 Ba6 16. Bxa6 Nxa6 17. Ba3 c5 18. Rae1 Nc4 19. Bc1 Rae8 20. Nh5 Re7 21. Qg3
Rff7 22. Nf4 Qc6 23. e4 dxe4 24. d5 1-0

[Event "XX чемпионат ПФО по шах"]
[Site "Набережные Челн�"]
[Date "2022.03.21"]
[Round "2.5"]
[White "Стакина, Мелисса."]
[Black "Якимова, Мария."]
[Result "0-1"]
[WhiteElo "1581"]
[BlackElo "2219"]
[PlyCount "56"]
[EventDate "2022.03.20"]

1. b3 Nf6 2. Bb2 d6 3. e3 e5 4. c4 Nc6 5. Nc3 g6 6. Nf3 Bg7 7. d4 e4 8. Nd2 Bf5
9. a3 a5 10. Be2 h5 11. O-O O-O 12. Qc2 Re8 13. Na2 h4 14. Bc3 h3 15. g3 d5 16.
c5 Bg4 17. Bxg4 Nxg4 18. b4 axb4 19. axb4 Qg5 20. b5 Nxe3 21. fxe3 Qxe3+ 22.
Rf2 Nxd4 23. Qd1 Rxa2 24. Rxa2 Qxc3 25. Nb1 Qxc5 26. Na3 e3 27. Rfe2 Nxe2+ 28.
Qxe2 Qc1+ 0-1

[Event "XX чемпионат ПФО по шах"]
[Site "Набережные Челн�"]
[Date "2022.03.21"]
[Round "2.6"]
[White "Нур-Мухаметова, Алиса."]
[Black "Соснина, Надежда."]
[Result "1-0"]
[WhiteElo "2225"]
[BlackElo "1647"]
[PlyCount "59"]
[EventDate "2022.03.20"]

1. d4 Nf6 2. c4 d6 3. Nf3 g6 4. g3 Bg7 5. Bg2 O-O 6. Nc3 Nbd7 7. O-O e5 8. Qc2
a5 9. Rd1 exd4 10. Nxd4 Re8 11. b3 Nc5 12. h3 c6 13. e4 Qc7 14. f3 Nh5 15. g4
Ng3 16. Qf2 Be5 17. f4 Ngxe4 18. Bxe4 Nxe4 19. Nxe4 Bxd4 20. Rxd4 c5 21. Bb2
cxd4 22. Qxd4 f6 23. Nxf6+ Kf8 24. Nd5 Qf7 25. Qh8+ Qg8 26. Qf6+ Qf7 27. Qxd6+
Re7 28. Re1 Be6 29. Nxe7 Qxe7 30. Rxe6 1-0

[Event "XX чемпионат ПФО по шах"]
[Site "Набережные Челн�"]
[Date "2022.03.21"]
[Round "2.7"]
[White "Мальцева, Александра."]
[Black "Насырова, Екатерина."]
[Result "0-1"]
[WhiteElo "1385"]
[BlackElo "2091"]
[Annotator "У~~еник"]
[PlyCount "152"]
[EventDate "2022.03.20"]

{[%evp 0,34,16,28,38,38,39,18,38,33,38,26,19,20,34,34,38,17,56,31,36,19,19,-17,
20,-64,-49,-51,-10,-56,-31,-33,-1,-92,-5,18,18]} 1. e4 e5 2. Nf3 Nc6 3. Bb5 Nf6
4. Nc3 Bd6 5. O-O O-O 6. d3 a6 7. Ba4 h6 8. Bb3 Re8 9. a3 Bc5 10. h3 d6 11. Kh1
b5 12. Nh2 Nd4 13. Ba2 Ne6 14. Ne2 d5 15. exd5 Nxd5 16. f4 Nexf4 17. Nxf4 exf4
18. Bxf4 Be6 19. Bxd5 Qxd5 20. Rf3 Rac8 21. Qd2 Bf8 22. Raf1 c5 23. Rg3 Kh7 24.
Ng4 Bxg4 25. Rxg4 c4 26. d4 Re4 27. c3 Rce8 28. Qc2 f5 29. Rg3 Re2 30. Qb1 R8e4
31. Be5 g6 32. Rgf3 R4e3 33. Kg1 Bg7 34. Bxg7 Kxg7 35. R3f2 Qe6 36. Kh2 Qd6+
37. Kg1 Qe7 38. Kh2 Qh4 39. Rf3 Rxf3 40. Rxf3 Qg5 41. Qg1 Qd2 42. d5 Qxd5 43.
Qa7+ Kf6 44. Qxa6+ Re6 45. Qa7 Qd6+ 46. Kg1 Qb6+ 47. Qxb6 Rxb6 48. Kf2 g5 49.
g3 Re6 50. Kf1 Re4 51. Rf2 Re3 52. Kg2 Ke5 53. Rd2 h5 54. Kf2 f4 55. gxf4+ gxf4
56. Rd8 Rd3 57. Re8+ Kf5 58. Rc8 Rxh3 59. Rc5+ Kg4 60. Rxb5 Rh2+ 61. Kg1 Rc2
62. a4 h4 63. a5 h3 64. a6 Rc1+ 65. Kh2 Ra1 66. Rb6 f3 67. Rf6 Ra2 68. Kg1 Rxb2
69. a7 Ra2 70. Rf7 Kg3 71. Rg7+ Kf4 72. Re7 h2+ 73. Kh1 f2 74. Rf7+ Ke3 75.
a8=Q Rxa8 76. Kxh2 Ra1 0-1

[Event "XX чемпионат ПФО по шах"]
[Site "Набережные Челн�"]
[Date "2022.03.21"]
[Round "2.8"]
[White "Матвеева, Ольга."]
[Black "Калашникова, Елена."]
[Result "1-0"]
[WhiteElo "2171"]
[BlackElo "1659"]
[PlyCount "91"]
[EventDate "2022.03.20"]

1. d4 Nf6 2. c4 e6 3. Nc3 c5 4. d5 exd5 5. cxd5 d6 6. e4 g6 7. h3 Bg7 8. Nf3
O-O 9. Bd3 a6 10. a4 Re8 11. O-O Nh5 12. Bg5 Bf6 13. Bh6 Bg7 14. Qd2 Nd7 15.
Rfe1 Ne5 16. Be2 Nxf3+ 17. Bxf3 Re5 18. Bxh5 Bxh6 19. Qxh6 Rxh5 20. Qf4 Qe7 21.
a5 Bd7 22. Re3 Rb8 23. Rae1 Qe5 24. Qxe5 Rxe5 25. f4 Re7 26. e5 f5 27. exd6
Rxe3 28. Rxe3 Re8 29. Re5 Kf7 30. Nb1 Kf6 31. Rxe8 Bxe8 32. Kf2 Bb5 33. Nd2 g5
34. g3 h6 35. Ke3 Kf7 36. Nf3 Kf6 37. Ne5 Ba4 38. Nd3 Bb3 39. d7 Ke7 40. d6+
Kd8 41. Nxc5 Bd5 42. Kd4 Bg2 43. h4 gxh4 44. gxh4 Bf1 45. Ke5 Bh3 46. Ke6 1-0